MARC details
| 000 -CABECERA |
| campo de control de longitud fija |
01063nam a2200277 a 4500 |
| 003 - IDENTIFICADOR DEL NÚMERO DE CONTROL |
| campo de control |
UPN |
| 005 - FECHA Y HORA DE LA ÚLTIMA TRANSACCIÓN |
| campo de control |
20240911064547.0 |
| 008 - ELEMENTOS DE LONGITUD FIJA--INFORMACIÓN GENERAL |
| campo de control de longitud fija |
191031s1998 sp fr 000 e spa d |
| 020 ## - NÚMERO INTERNACIONAL NORMALIZADO PARA LIBROS |
| Número Internacional Estándar del Libro |
8481642185 |
| 035 ## - NÚMERO DE CONTROL DEL SISTEMA |
| Número de control de sistema |
UPN01000233814 |
| 040 ## - FUENTE DE LA CATALOGACIÓN |
| Centro catalogador/agencia de origen |
MX-MxUPN |
| Lengua de catalogación |
spa |
| Centro/agencia transcriptor |
MX-MxUPN |
| 050 14 - SIGNATURA TOPOGRÁFICA DE LA BIBLIOTECA DEL CONGRESO |
| Número de clasificación |
HM1276 |
| Número de documento/Ítem |
L8.4 |
| 100 1# - ASIENTO PRINCIPAL--NOMBRE PERSONAL |
| Nombre de persona |
Luhmann, Niklas, |
| Fechas asociadas al nombre |
1927-1998 |
| 9 (RLIN) |
31939 |
| 245 10 - MENCIÓN DE TÍTULO |
| Título |
Complejidad y modernidad : |
| Resto del título |
de la unidad a la diferencia / |
| Mención de responsabilidad, etc. |
Niklas Luhmann ; edición y traducción de Josetxo Berian y José María García Blanco |
| 260 ## - PUBLICACIÓN, DISTRIBUCIÓN, ETC. |
| Lugar de publicación, distribución, etc. |
Madrid : |
| Nombre del editor, distribuidor, etc. |
Trotta, |
| Fecha de publicación, distribución, etc. |
1998. |
| 300 ## - DESCRIPCIÓN FÍSICA |
| Extensión |
257 páginas |
| 490 0# - MENCIÓN DE SERIE |
| Mención de serie |
Estructuras y procesos. Serie ciencias sociales |
| 500 ## - NOTA GENERAL |
| Nota general |
Títulos originales: Soziologische aufkläring, Beobachtungen der moderne, Pardigm lost: über die ethische refexion der moral. |
| 650 14 - ASIENTO SECUNDARIO DE MATERIA - TERMINO TEMATICO |
| 9 (RLIN) |
13565 |
| Término de materia o nombre geográfico como elemento de entrada |
Diferenciación (sociología) |
| 650 14 - ASIENTO SECUNDARIO DE MATERIA - TERMINO TEMATICO |
| Término de materia o nombre geográfico como elemento de entrada |
Civilización moderna |
| 9 (RLIN) |
8265 |
| 700 1# - ASIENTO SECUNDARIO--NOMBRE DE PERSONAL |
| 9 (RLIN) |
44424 |
| Nombre de persona |
Berian, Josetxo |
| Término indicativo de función/relación |
traductor |
| 700 1# - ASIENTO SECUNDARIO--NOMBRE DE PERSONAL |
| 9 (RLIN) |
44425 |
| Nombre de persona |
García Blanco, José María |
| Término indicativo de función/relación |
traductor |
| 905 ## - TIPO DE MATERIAL |
| Tipo de material |
Libro |
| 942 ## - ELEMENTOS DE PUNTO DE ACCESO ADICIONAL (KOHA) |
| Fuente del sistema de clasificación o colocación |
Library of Congress Classification |
| Tipo de ítem Koha |
Libro |